| 000 | 00650nam a2200205Ii 4500 | ||
|---|---|---|---|
| 003 | JO-AjNU | ||
| 008 | 230605s9999||||xx |||||||||||||| ||und|| | ||
| 017 | _a83/3969 | ||
| 040 |
_aJO-AjNU _bara _erda _cJO-AjNU |
||
| 041 | _aara | ||
| 050 | 1 | 4 | _aTT515 .N34 |
| 100 | 3 |
_aمعروف، نجلاء , _eauthor _934745 |
|
| 245 | 0 | 0 | _aفنون الكروشية |
| 264 | 3 | 1 | _aالاسكندرية، المركز العربي للنشر، د. ت |
| 300 |
_a101ص _bصور توضيحية |
||
| 336 |
_atext _btxt _2rdacontent |
||
| 337 |
_aunmediated _bn _2rdamedia |
||
| 338 |
_avolume _bnc _2rdacarrier |
||
| 650 | 4 |
_aالكروشية-تريكو _934746 |
|
| 999 |
_aA14277 _c17845 _d17845 |
||